Pays par description de drapeaux - Statistiques

Statistiques générales
  • Ce quiz a été pris 81 fois
  • Le résultat moyen est 19 sur 32
Statistiques - réponses
Description du drapeau pays % Correct
Feuille d'érable Canada
87%
Rond rouge sur fond blanc Japon
87%
Drapeau de l'Irlande inversé Côte d'Ivoire
85%
Rond rouge sur fond vert Bangladesh
79%
Similaire à la Turquie Tunisie
79%
Une seule étoile blanche sur un fond bleu Somalie
75%
Temple d'Angkor Cambodge
69%
Cèdre Liban
69%
Similaire au Tchad Roumanie
69%
Dragon blanc sur un fond rouge et orange Bhoutan
68%
Trident sur bandes bleu / jaune / bleu Barbade
66%
Similaire au Bahreïn Qatar
66%
Similaire à la Moldavie Andorre
63%
Rond jaune sur fond bleu Palaos
63%
4 étoiles blanches sur un fond bleu Micronésie
62%
Aigle sur un cactus, mangeant un serpent Mexique
59%
Chahada sur fond vert Arabie Saoudite
57%
Oiseau doré volant au dessus d'un coucher de soleil sur la mer Kiribati
57%
Triangle jaune et noir sur fond bleu Sainte-Lucie
54%
Forme du pays sur une couronne de lauriers Chypre
53%
Armoiries papales Vatican
53%
Chahada sur fond blanc Afghanistan
50%
Forme du pays sous 6 étoiles Kosovo
50%
Grue royale sur une jambe, sur six bandes colorée Ouganda
50%
Fusil AK-47 sur un livre Mozambique
49%
Chapeau conique traditionnel basotho Lesotho
44%
Similaire à l'Albanie Monténégro
41%
Oiseau de paradis sur fond noir et rouge Papouasie-Nouvelle-Guinée
40%
Deux triangles imbriqués Népal
38%
Union Jack sur fond bleu et 6 étoiles dorées Tuvalu
37%
Drapeau représentant des humains Bélize
32%
Amazone impériale dans un rond rouge au centre d'une croix sur fond vert Dominique
29%
Aucun quiz correspondant
Distribution des résultats
% des personnes avec chaque résultat
Percentile par nombre de réponses
Votre historique - résultats
Vous n’avez pas pris ce quiz